Normal view
MARC view
Entry Topical Term
001 - CONTROL NUMBER
- control field: 15171
003 - CONTROL NUMBER IDENTIFIER
- control field: BD-RjUL
005 - DATE AND TIME OF LATEST TRANSACTION
- control field: 20250311104555.0
008 - FIXED-LENGTH DATA ELEMENTS
- fixed length control field: 250311|| aca||aabn | a|a d
040 ## - CATALOGING SOURCE
- Original cataloging agency: BD-RjUL
- Transcribing agency: BD-RjUL
150 ## - HEADING--TOPICAL TERM
- Topical term or geographic name entry element: Land tenure Law and legislation
670 ## - SOURCE DATA FOUND
- Source citation: Work cat.: (BD-RjUL)84768: East Pakistan (Pakistan) 14789, The Bengal tenancy act, 1885 :, 1963